Canada General Knowledge - Statistics

General Stats
  • This quiz has been taken 250 times
  • The average score is 8 of 15
Answer Stats
Hint Answer % Correct
How many provinces does Canada have 10
92%
What is the other French
89%
What is Canada's most populous city Toronto
89%
What is one of Canada's official languages English
84%
What date is Canada Day celebrated July 1
79%
What was the most recent province to become part of Canada Newfoundland and Labrador
71%
What is the year of Canadian independence 1867
61%
What is Canada's highest mountain Mount Logan
47%
Who was Canada's first Prime Minister Sir John A MacDonald
44%
What World War 1 battle first saw the Divisions of the Canadian Corps fight together to achieve an epic victory Vimy Ridge
25%
What is the northernmost permanently inhabited place in Canada Alert
24%
Which European Capital City is closest in latitude to ^ Rome
19%
Who scored the winning goal of the 1972 Summit Series against the Soviet Union (Ice Hockey) Paul Henderson
15%
What Canadian artist released an album called "Waking up the Neighbours" Bryan Adams
13%
What is the southernmost piece of land in Canada Pelee Island
12%
No matching quizzes found
Score Distribution
Percent of People with Each Score
Percentile by Number Answered
Your Score History
You have not taken this quiz